Prevencin̤ de riesgos laborales la regulacin̤ convencional /

Detalles Bibliográficos
Autor principal: Mendoza Navas, Natividad
Formato: Libro
Lenguaje:español
Publicado: Albacete : Bomarzo, 2007
Colección:Coleccion Estudios
Materias:
Acceso en línea:Acceso restringido

MARC

LEADER 00000nam a2200000 a 4500
005 20120330120551.0
007 cr|||| |||||
008 080214s2007 sp 000 0 spa c
020 |a 978-84-96721-33-3 
035 |a 5877 
040 |d vLex 
090 |c 3104  |d 3104 
100 1 |a Mendoza Navas, Natividad 
245 1 0 |a Prevencin̤ de riesgos laborales   |h [Recurso electrn̤ico] :  |b la regulacin̤ convencional /  |c Natividad Mendoza Navas 
256 |a Servicio en ln̕ea 
260 |a Albacete :  |b Bomarzo,  |c 2007 
300 |a 1 recurso electrn̤ico 
506 1 |a Contenido solo disponible en los productos indicados  |d vLex Global   |d vLex Global (Academic Edition, excluding Law Schools)   |d vLex Global (U.S. Academic Edition, Law Schools)   |d vLex Global (U.S. Academic Edition, excluding Law Schools)   |d vLex Global (Academic Edition, Law Schools)  
650 4 |a Seguridad en el trabajo  |x Derecho  |z Espaą 
650 4 |a Salud en el trabajo  |x Derecho  |z Espaą 
650 4 |a Negociaciones colectivas de trabajo  |z Espaą 
651 4 |a Espaą 
740 0 |a vLex Libros (Servicio en ln̕ea) 
830 0 |a Coleccion Estudios 
856 4 0 |u http://vlex.com/source/prevencion-riesgos-laborales-regulacion-convencional-5877  |z Acceso restringido 
942 |c BOOK 
999 0 |a Industrial safety 
999 0 |a Labor laws and legislation